[Event "Budapest FS05 IM"]
[Site "Budapest"]
[Date "1998.05.11"]
[Round "10"]
[White "Pinter, Gyula"]
[Black "Skorna, Ullrich"]
[Result "0-1"]
[WhiteElo "2135"]
[BlackElo "2195"]
[PlyCount "122"]
[EventDate "1998.05.02"]
[EventType "tourn"]
[EventRounds "13"]
[EventCountry "HUN"]
[EventCategory "2"]
[SourceTitle "EXT 1999"]
[Source "ChessBase"]
[SourceDate "1998.11.16"]
[SourceVersion "1"]
[SourceVersionDate "1998.11.16"]
[SourceQuality "1"]

1. e4 e6 2. d3 d5 3. Nd2 c5 4. Ngf3 Nc6 5. g3 Bd6 6. Bg2 Nge7 7. 0-0 0-0 8. Re1 f6 9. c3 Qc7 10. Nh4 g5 11. Nhf3 Ng6 12. Nf1 d4 13. h3 e5 14. a4 Be6 15. N1d2 Qd7 16. Kh2 Bc7 17. Qc2 Rad8 18. Bf1 Rf7 19. cxd4 cxd4 20. Qb1 Ba5 21. b3 h6 22. Ba3 Bc3 23. Ra2 f5 24. exf5 Rxf5 25. Bg2 Qf7 26. Rf1 h5 27. Kg1 g4 28. Nh2 Bxd2 29. Rxd2 gxh3 30. Bxh3 Rg5 31. Bxe6 Qxe6 32. Qd1 Rd7 33. Bc1 Nf4 34. Kh1 Qh3 35. Qf3 Ng6 36. Rdd1 Rf5 37. Qg2 Qxg2+ 38. Kxg2 Rdf7 39. Bd2 h4 40. g4 Nf4+ 41. Bxf4 Rxf4 42. Rd2 Ne7 43. f3 R4f6 44. Rc1 Rb6 45. Rc5 Ng6 46. Rb5 Rc6 47. Kf2 Rfc7 48. f4 Rc2 49. Rxc2 Rxc2+ 50. Kg1 Nxf4 51. Rxe5 Rg2+ 52. Kh1 h3 53. Rg5+ Kh7 54. Rf5 Ne2 55. Nf1 Rxg4 56. Rf3 Kg6 57. Kh2 Rf4 58. Nd2 Kf5 59. Rxh3 Rf2+ 60. Kh1 Nf4 61. Rf3 Rxd2 0-1

[Event "Budapest FS05 IM"]
[Site "Budapest"]
[Date "1998.05.08"]
[Round "7"]
[White "Eperjesi, Laszlo"]
[Black "Pinter, Gyula"]
[Result "0-1"]
[WhiteElo "2365"]
[BlackElo "2135"]
[PlyCount "74"]
[EventDate "1998.05.02"]
[EventType "tourn"]
[EventRounds "13"]
[EventCountry "HUN"]
[EventCategory "2"]
[SourceTitle "EXT 1999"]
[Source "ChessBase"]
[SourceDate "1998.11.16"]
[SourceVersion "1"]
[SourceVersionDate "1998.11.16"]
[SourceQuality "1"]

1. d4 Nf6 2. Nf3 g6 3. Bg5 Bg7 4. Nbd2 0-0 5. e3 d6 6. Be2 h6 7. Bh4 Qe8 8. 0-0 e5 9. Nb3 e4 10. Nfd2 Nh7 11. Re1 g5 12. Bg3 f5 13. f3 Nf6 14. fxe4 fxe4 15. c4 h5 16. h3 Qg6 17. Rf1 Bh6 18. Kh1 Nc6 19. c5 g4 20. h4 d5 21. Bf4 g3 22. Qe1 Bxf4 23. Rxf4 Ne7 24. Nf1 Nf5 25. c6 b6 26. a4 a5 27. Kg1 Rf7 28. Nc1 Be6 29. Bd1 Rg7 30. Ne2 Rf8 31. Bb3 Ng4 32. Nc3 Rd8 33. Nd1 Qf6 34. Rc1 Qxh4 35. Rxe4 dxe4 36. Bxe6+ Rf7 37. Rc2 Rdf8 0-1

[Event "Budapest FS05 IM"]
[Site "Budapest"]
[Date "1998.05.06"]
[Round "5"]
[White "Kritz, Leonid"]
[Black "Pinter, Gyula"]
[Result "0-1"]
[WhiteElo "2185"]
[BlackElo "2135"]
[PlyCount "60"]
[EventDate "1998.05.02"]
[EventType "tourn"]
[EventRounds "13"]
[EventCountry "HUN"]
[EventCategory "2"]
[SourceTitle "EXT 1999"]
[Source "ChessBase"]
[SourceDate "1998.11.16"]
[SourceVersion "1"]
[SourceVersionDate "1998.11.16"]
[SourceQuality "1"]

1. e4 c5 2. Ne2 Nf6 3. e5 Nd5 4. Nbc3 e6 5. Nxd5 exd5 6. d4 Nc6 7. dxc5 Bxc5 8. Qxd5 d6 9. Nf4 Qb6 10. e6 Bxf2+ 11. Kd1 0-0 12. exf7+ Rxf7 13. c3 Bg4+ 14. Be2 Bxe2+ 15. Nxe2 Re8 16. Rf1 Re5 17. Qd3 Qa5 18. Bd2 Rd5 19. Qe4 Re7 20. Qf4 Rf5 21. Qc4+ d5 22. Qd3 Rff7 23. b3 Ne5 24. Qc2 Qa6 25. h3 Ng4 26. c4 Qe6 27. Nf4 Qe5 28. Rc1 Ne3+ 29. Bxe3 Bxe3 30. cxd5 Bxf4 0-1

[Event "Budapest FS05 IM"]
[Site "Budapest"]
[Date "1998.05.03"]
[Round "2"]
[White "Pinter, Gyula"]
[Black "Karatorossian, David"]
[Result "0-1"]
[WhiteElo "2135"]
[BlackElo "2375"]
[PlyCount "74"]
[EventDate "1998.05.02"]
[EventType "tourn"]
[EventRounds "13"]
[EventCountry "HUN"]
[EventCategory "2"]
[SourceTitle "EXT 1999"]
[Source "ChessBase"]
[SourceDate "1998.11.16"]
[SourceVersion "1"]
[SourceVersionDate "1998.11.16"]
[SourceQuality "1"]

1. e4 e6 2. d3 d5 3. Nd2 c5 4. Ngf3 Nc6 5. g3 Nge7 6. Bg2 g6 7. 0-0 Bg7 8. Re1 b6 9. e5 Qc7 10. Qe2 h6 11. h4 g5 12. hxg5 hxg5 13. Nxg5 Qxe5 14. Qxe5 Nxe5 15. Nc4 Nxc4 16. dxc4 Bb7 17. c3 0-0 18. Nh3 Ng6 19. Nf4 Nxf4 20. Bxf4 Rad8 21. Rad1 Bf6 22. Be5 Kg7 23. Bxf6+ Kxf6 24. Rd2 Rd7 25. Red1 Rfd8 26. f4 d4 27. Bxb7 dxc3 28. Rxd7 Rxd7 29. Bf3 cxb2 30. Rb1 Rd2 31. Be4 b5 32. cxb5 c4 33. Kf1 c3 34. Ke1 Ke7 35. Rd1 Rh2 36. a4 c2 37. Bxc2 Rxc2 0-1